Masalah ekonomi dan non-ekonomi; (Record no. 89399)
[ view plain ]
| 000 -LEADER | |
|---|---|
| fixed length control field | 01380cam a22002291 4500 |
| 001 - CONTROL NUMBER | |
| control field | sa 68020396 |
| 003 - CONTROL NUMBER IDENTIFIER | |
| control field | DLC |
| 005 - DATE AND TIME OF LATEST TRANSACTION | |
| control field | 20260227112724.0 |
| 008 - FIXED-LENGTH DATA ELEMENTS--GENERAL INFORMATION | |
| fixed length control field | 750430s1966 xx 000 0 ind |
| 010 ## - LIBRARY OF CONGRESS CONTROL NUMBER | |
| LC control number | sa 68020396 |
| 035 ## - SYSTEM CONTROL NUMBER | |
| System control number | (OCoLC)1305679 |
| 040 ## - CATALOGING SOURCE | |
| Original cataloging agency | DLC |
| Transcribing agency | OAU |
| Modifying agency | DLC |
| 042 ## - AUTHENTICATION CODE | |
| Authentication code | premarc |
| 050 00 - LIBRARY OF CONGRESS CALL NUMBER | |
| Classification number | HC447 |
| Item number | .M38 |
| 245 00 - TITLE STATEMENT | |
| Title | Masalah ekonomi dan non-ekonomi; |
| Remainder of title | kumpulan karangan². |
| 260 ## - PUBLICATION, DISTRIBUTION, ETC. | |
| Place of publication, distribution, etc. | Djakarta, |
| Name of publisher, distributor, etc. | Lembaga Ekonomi dan Kemasjarakatan Nasional, |
| Date of publication, distribution, etc. | 1966. |
| 300 ## - PHYSICAL DESCRIPTION | |
| Extent | 1 v. (various pagings) |
| Dimensions | 30 cm. |
| 505 0# - FORMATTED CONTENTS NOTE | |
| Formatted contents note | Soemardjan, S. Dari prioritas politik ke prioritas ekonomi.--Salim, E. Menjorot kebidjaksanaan ekonomi-keuangan achir 1965 dan awal 1966.--Wardhana, A. Anggaran moneter: alat stabilisasi atau inflasi.--Subroto. Kurs, disparitas dan pungutan².--Hady, H. Prioritas sekarang: rehabilitasi prasarana.--Halim, B. Beberapa segi sistim distribusi bahan pokok.--Tjokroamidjojo, B. Beberapa masalah hambatan-hambatan administratip dalam pembangunan ekonomi.--Soemardjan, S. Beberapa aspek non-ekonomis dalam perentjanaan pembagunan ekonomi.--Soemardi, S. Kerdja-sama Pemerintah dan rakjat.--Sadli, M. Meneropong suatu aspek dari perimbangan kekuatan politik baru: hubungan militer-sipil. |
| 651 #0 - SUBJECT ADDED ENTRY--GEOGRAPHIC NAME | |
| Geographic name | Indonesia |
| General subdivision | Economic conditions. |
| 651 #0 - SUBJECT ADDED ENTRY--GEOGRAPHIC NAME | |
| Geographic name | Indonesia |
| General subdivision | Social conditions. |
| 710 1# - ADDED ENTRY--CORPORATE NAME | |
| Corporate name or jurisdiction name as entry element | Djakarta. |
| Subordinate unit | Lembaga Ekonomi dan Kemasjarakatan Nasional. |
No items available.